00258nam a2200109Ia 4500008004100000100001800041245002600059260002900085650001000114942000700124999001700131190216s9999||||xx |||||||||||||| ||und|| aDhagvan Singh 0aHindi-Bharathiya Chay bMac Millian And Com. Ltd aHindi cBK c15349d15349